| 000 | 01188cam a2200337 a 4500 | ||
|---|---|---|---|
| 001 | 4432031 | ||
| 003 | OSt | ||
| 005 | 20140310184438.0 | ||
| 008 | 940307s1995 nyuab j b 001 0 eng | ||
| 010 | _a 94009963 | ||
| 020 | _a0590472666 | ||
| 040 |
_aDLC _cDLC _dDLC |
||
| 042 | _alcac | ||
| 043 | _an-us-il | ||
| 050 | 0 | 0 |
_aF 548.42 _b.M87 1995 |
| 100 | 1 |
_aMurphy, Jim _d1947- _915350 |
|
| 245 | 1 | 4 |
_aThe great fire / _cJim Murphy. |
| 260 |
_aNew York : _bScholastic Inc., _c1995. |
||
| 300 |
_a144 p. : _bill. ; _c25 cm. |
||
| 500 | _aIncludes bibliographical references and index. | ||
| 521 | _aG12 | ||
| 526 | _c1130 | ||
| 650 | 0 |
_aGreat Fire, Chicago, Ill., 1871 _xJuvenile literature. _915351 |
|
| 650 | 1 |
_aFires _zIllinois _zChicago _xHistory _y19th century. _915352 |
|
| 651 | 0 |
_aChicago (Ill.) _xHistory _yTo 1875 _xJuvenile literature. _915353 |
|
| 651 | 1 |
_aChicago (Ill.) _xHistory _yTo 1875. _915354 |
|
| 906 |
_a7 _bcbc _corignew _d1 _eocip _f19 _gy-gencatlg |
||
| 942 |
_2lcc _cBK-SCHOLAS |
||
| 999 |
_c34417 _d34417 |
||